Urýchlenie výstavby diaľníc si vyžiada prijatie mimoriadnych opatrení a novelizáciu cestného zákona

Návrh zákona o jednorazových mimoriadnych opatreniach v prípade niektorých stavieb diaľníc a ciest pre motorové vozidlá a o doplnení katastrálneho zákona. O návrhu zákona, ktorým sa mení a dopĺňa zákon č. 135/1961 Zb. o pozemných komunikáciách (Cestný zákon). Dobudovanie diaľničného spojenia až do K...

Ausführliche Beschreibung

Gespeichert in:
Bibliographische Detailangaben
Format: Buchkapitel
Sprache:Slowakisch
Schlagworte:
Tags: Tag hinzufügen
Keine Tags, Fügen Sie das erste Tag hinzu!

MARC

LEADER 00000naa$a2200000$$$4500
001 0067814
005 20231106073457.2
041 0 |a slo 
044 |a SK 
245 1 0 |a Urýchlenie výstavby diaľníc si vyžiada prijatie mimoriadnych opatrení a novelizáciu cestného zákona 
520 |a Návrh zákona o jednorazových mimoriadnych opatreniach v prípade niektorých stavieb diaľníc a ciest pre motorové vozidlá a o doplnení katastrálneho zákona. O návrhu zákona, ktorým sa mení a dopĺňa zákon č. 135/1961 Zb. o pozemných komunikáciách (Cestný zákon). Dobudovanie diaľničného spojenia až do Košíc do roku 2010. 
610 2 0 |a diaľnice 
610 2 0 |a stavba ciest 
610 2 0 |a úpravy právne 
610 2 0 |a Slovensko